| 000 | 00765nmc a2200265 a 4500 | ||
|---|---|---|---|
| 003 | AR-BaBNM | ||
| 005 | 20251128211622.0 | ||
| 008 | 175020s2000 ||||||||||||||000 | spa|| | ||
| 020 | _a84-7432-723-7 | ||
| 040 | _cAR-BaBNM | ||
| 100 | 1 | _aFriedl, Alfred E. | |
| 245 | 1 | 0 | _aEnseñar ciencias a los niños |
| 250 | _a1º ed. | ||
| 260 |
_aBarcelona _bGedisa _c2000 |
||
| 300 | 0 |
_a374 p. _bil., gráf., tablas |
|
| 490 | 0 |
_aBiblioteca de educación. Didáctica especial _vv. 1 |
|
| 500 | 0 | _aContiene glosario e índice temático | |
| 650 | 4 | _aMETODOS DE ENSENANZA | |
| 650 | 4 | _aACTIVIDADES | |
| 650 | 4 | _aEXPERIMENTOS CIENTIFICOS | |
| 653 | _aENSENANZA DE LAS CIENCIAS NATURALES | ||
| 800 | 1 | _aCamilloni, Alicia | |
| 942 | _cBK | ||
| 998 | _cmaria eugenia | ||
| 999 |
_c20442 _d20442 |
||